| 000 | 00531nam a2200229 a 4500 | ||
|---|---|---|---|
| 001 | nice12345678 | ||
| 003 | IN_TiNIC | ||
| 005 | 20260116015237.0 | ||
| 008 | 070809s1984 bana grp 000 0 eng | ||
| 020 |
_a _c100 |
||
| 082 | 0 | 0 |
_a297.1 _bFAZ |
| 100 | _aFazlur, Rahman | ||
| 245 | _aIslam | ||
| 260 |
_aBandung _bPenerbit Pustaka _c1984 |
||
| 300 | _a410p | ||
| 500 | _aincludes index and biblioraphy | ||
| 650 | _aIslam-Meccan Trade | ||
| 700 | 1 | _aFazlur, Rahman | |
| 902 | _bSRS | ||
| 942 | _cBK | ||
| 999 |
_c18888 _d18888 |
||